Statistics for Spider-Man The Video Game (2000) Heroes/Villains

Click here to take the quiz!

General Stats

  • This quiz has been taken 54 times
  • The average score is 10 of 15

Answer Stats

Answer% Correct
Spider-Man
95%
Venom
89%
Doctor Octopus
84%
Rhino
79%
Carnage
76%
Black Cat
74%
Scorpion
74%
Lizard
68%
Mysterio
68%
Mary Jane
61%
J Jonah Jameson
47%
Captain America
45%
Daredevil
42%
Human Torch
42%
Punisher
32%

Score Distribution

Percentile by Number Answered

Percent of People with Each Score

Your Score History

You have not taken this quiz